| 000 | 00498nam a22001575i 4500 | ||
|---|---|---|---|
| 020 | _a8123900392 | ||
| 082 |
_a624.151 _bSIN _cM-38,P122 |
||
| 100 | 1 |
_aSingh, Alam, _918426 |
|
| 245 | 1 | 0 |
_aSoil engineering in theory and practice / _cAlam Singh. _bfundamentals of general principls |
| 250 | _a4th. ed. | ||
| 260 |
_aNew delhi : _bCBS, _c2014 |
||
| 300 |
_av. <1 > : xxi,973 p. _bill. ; _c25 cm. |
||
| 500 | _aConsist of 2 volumes | ||
| 526 |
_a0 _b1 _c0 _d624_151000000000000_SIN |
||
| 942 |
_2ddc _cBK |
||
| 999 |
_c554011 _d554011 |
||